¿Verdadero o falso? - Día de Muertos - Estadísticas

Estadísticas generales
  • Esta prueba ha sido intentada 3.160 veces
  • La puntuación promedio es 11 de 15
Estadísticas de respuestas
Pregunta Respuesta % Correcto
El Día de Muertos es igual al Día de Brujas. Falso
88%
No se debe poner una foto en el altar para evitar los espíritus malos. Falso
84%
Las costumbres indígenas dieron influencia en la creación del Día de Muertos. Verdadero
82%
México es el único país que celebra el Día de Muertos. Falso
81%
No se debe poner la comida en el altar porque les da hambre a los muertos. Falso
80%
El Día de Muertos se reconoce por la Unesco. Verdadero
80%
El Día de Muertos tiene antecedentes en la fiesta católica, el Día de los Fieles Difuntos. Verdadero
79%
Esta flor se llama flor de cempasúchil. Verdadero
79%
Se celebra el Día de Muertos en noviembre. Verdadero
76%
Se reza por las almas de los muertos para que lleguen al cielo. Verdadero
75%
El pan de muerto se hace con azúcar. Verdadero
75%
Solo se puede poner al máximo cuarto colores en el altar. Falso
71%
La película Encanto tiene lugar en el Día de Muertos. Falso
68%
El primer Día de Muerto se celebró en 1910. Falso
60%
Se prohíbe el alcohol en el altar. Falso
59%
No se encontraron pruebas coincidentes
Distribución de puntuación
Porcentaje de gente con cada puntuación
Porcentaje por número respondido
Historial de tus puntuaciones
No has intentado esta prueba.